The theory of the photographic process (Record no. 964)

MARC details
000 -LEADER
fixed length control field 00499nam a2200181Ia 4500
003 - CONTROL NUMBER IDENTIFIER
control field IN-BaIIA
008 - FIXED-LENGTH DATA ELEMENTS--GENERAL INFORMATION
fixed length control field 211028s9999 xx 000 0 eng d
040 ## - CATALOGING SOURCE
Transcribing agency IIA Library
080 ## - UNIVERSAL DECIMAL CLASSIFICATION NUMBER
Universal Decimal Classification number 770
Item number MEE
100 ## - MAIN ENTRY--PERSONAL NAME
Personal name Mees, Kenneth C. E.
9 (RLIN) 1830
245 #4 - TITLE STATEMENT
Title The theory of the photographic process
Statement of responsibility, etc. C. E. Kenneth Mees
260 ## - PUBLICATION, DISTRIBUTION, ETC.
Place of publication, distribution, etc. New York
Name of publisher, distributor, etc. Macmillan
Date of publication, distribution, etc. 1945
300 ## - PHYSICAL DESCRIPTION
Extent x, 1124p.
650 ## - SUBJECT ADDED ENTRY--TOPICAL TERM
Topical term or geographic name entry element NASA Thesaurus
650 ## - SUBJECT ADDED ENTRY--TOPICAL TERM
Topical term or geographic name entry element Photographic sensitivity
9 (RLIN) 2072
650 ## - SUBJECT ADDED ENTRY--TOPICAL TERM
Topical term or geographic name entry element Photography
9 (RLIN) 2073
942 ## - ADDED ENTRY ELEMENTS (KOHA)
Koha item type Books
Holdings
Withdrawn status Lost status Damaged status Not for loan Home library Current library Shelving location Date acquired Total Checkouts Full call number Barcode Date last seen Price effective from Koha item type
        IIA Library-Bangalore IIA Library-Kodaikanal General Stacks     770/ MEE 998 05/11/2021   Books

Powered by Koha